00832nam a2200193 a 450000100100000000500170001000800410002702000150006804000250008310000340010824500750014226000620021730000210027949000680030050000730036883000750044195201050051699900170062100003393120200930070632.0110914s1980 es ab 000 0 spa d a8400047427 aDO-SdBNPbspacBNPHU1 aSevilla Soler, Rosario95937810aSanto Domingo tierra de frontera : 1750-1800 /cRosario Sevilla Soler. aSevilla :bEscuela de Estudios Hispano-Americanos,c1980. a502 p. ;c24 cm.1 aPublicaciones de la Escuela de Estudios Hispano-Americanosv217 aIncluye referencias bibliográficas y notas al pie de las páginas 0aPublicaciones de la Escuela de Estudios Hispano-Americanosv217958962 001050718MOaGRbGRcHDd2011-09-14iLF1l0o p33931-10r2020-06-25w2020-06-25y1ZNo se presta c33422d33422